Migliori marcatori per posizione #2 - SPAGNA - Statistics

Statistiche generali
  • Questo quiz è stato fatto 12 volte
  • Il punteggio medio è 9 su 31
Statistiche sulle risposte
POS Posizione Giocatore % Corretto
Luis Suarez / Andres Iniesta
83%
Sergio Ramos
83%
P Punta David Villa
75%
Fernando Torres
75%
Álvaro Morata
67%
AS Ala sinistra Ferran Torres
67%
Xabi Alonso
58%
TS TerzinoSinistro Jordi Alba
50%
AD Ala Destra Pedro
42%
Cesc Fàbregas
33%
DC DifensoreCentrale Fernando Hierro
33%
Alfredo di Stéfano
25%
TRQ Trequartista David Silva
25%
SP SecondaPunta Raul
25%
Joan Capdevila
17%
Nolito
17%
Álvaro Odriozola
8%
Angel Maria Villar
8%
Antonio Maceda
8%
Estanislao Basora
8%
Isco
8%
TD TerzinoDestro Jesus Navas
8%
Jose Gaya
8%
PT Portiere Juan Carlos
8%
Julen Guerrero
8%
László Kubala
8%
Mikel Oyarzabal
8%
Pep Guardiola
8%
MED Mediano Pirri
8%
CC CentrocampistaCentrale Santi Cazorla
8%
Joseba Etxeberria
0%
Nessun quiz corrispondente trovato
Distribuzione punteggi
Percentuale di utenti per punteggio
Percentile per numero di risposta
I tuoi punteggi nel tempo
Non hai fatto questo quiz